000
00308nam a2200133Ia 4500
008
191201s2011 xx 000 0 und d
100
_a
MITTAL, Nitin
245
0
_a
Information Theory and Coding
250
_a
3rd
260
_c
2011
_b
Bharat
_a
Yamunanagar
300
_a
511
650
_a
ECE
942
_2
ddc
_c
BB
999
_c
7584
_d
7584